000 00557cam a22002053a 4500
001 40654
003 PGUSA
005 20140828083916.0
008 120903s2012||||xxu|||||s|||||000 | eng d
040 _aPGUSA
_beng
042 _adc
100 1 _aRigby, Edward
245 1 2 _aA System of Midwifery
_h[electronic resource] /
_cEdward Rigby
260 _bProject Gutenberg,
_c2012
506 _aPublic domain in the USA.
516 _aElectronic text
830 0 _aProject Gutenberg
_v40654
856 4 0 _uhttp://www.gutenberg.org/ebooks/40654
942 _cEB
999 _c269907
_d269907